000 00702nam a2200253Ia 4500
003 OSt
005 20220925220330.0
006 a|||||r|||| 00| 0
007 ta
008 220923b |||||||| |||| 00| 0 eng d
037 _cGeneral Book
040 _aRTL
_cRTL
_beng
041 _2eng
_aeng
082 _aX:89F, L5
100 _aWatts B. K. R.
_9284576
245 0 _aBusiness and financial management
250 _a2nd
260 _aLondon
_bMacDonald and Evans U. K.
_c1975
300 _axii, 300p.
_ccm.
490 _aMacDonald and Evans handbook series
650 _aAccounting Management
942 _hX:89F, L5
_cGB
_2CC
999 _c571158
_d571158